Revista eletrônica de sistemas de informação
| Autor Corporativo: | |
|---|---|
| Formato: | Electrónico Revista |
| Lenguaje: | portugués inglés español |
| Publicado: |
Campo Largo :
Faculdade Cenecista de Campo Largo,
2002-
|
| Materias: | |
| Acceso en línea: | Full text available from Research Library: 01/01/2010 to present |
MARC
| LEADER | 00000nas a2200000 a 4500 | ||
|---|---|---|---|
| 001 | ssj0000456629 | ||
| 003 | WaSeSS | ||
| 005 | 20200512172242.0 | ||
| 006 | m d | ||
| 007 | cr n | ||
| 008 | 100601c20029999bl fr p s 0 0por c | ||
| 010 | |a 2011240104 | ||
| 022 | |a 1677-3071 |l 1677-3071 | ||
| 035 | |a (WaSeSS)ssj0000456629 | ||
| 040 | |a SHS |b eng |c SHS |d OCLCQ |d IXA |d OCLCA |d OCLCQ |d CUS |d OCLCQ |d OCLCF |d OCLCO |d OCLCQ |d OCLCA |d AU@ |d WaSeSS | ||
| 041 | 0 | |a por |a eng |a spa | |
| 042 | |a pcc | ||
| 043 | |a s-bl--- | ||
| 245 | 0 | 0 | |a Revista eletrônica de sistemas de informação |h [electronic resource]. |
| 246 | 3 | |a Resi | |
| 260 | |a Campo Largo : |b Faculdade Cenecista de Campo Largo, |c 2002- | ||
| 310 | |a Semiannual | ||
| 362 | 0 | |a Vol. 1, no. 1 (2002)- | |
| 506 | |a License restrictions may limit access. | ||
| 546 | |a In Portuguese, English and Spanish; abstracts in Portuguese and the language of the text. | ||
| 588 | |a Description based on first issue; title from caption (publisher's Web site, viewed Mar. 8, 2011). | ||
| 588 | |a Latest issue consulted: Vol. 9, no. 2 (2010) (viewed Mar. 8, 2011). | ||
| 650 | 0 | |a Management information systems |v Periodicals. | |
| 650 | 0 | |a Management information systems |z Brazil |v Periodicals. | |
| 650 | 0 | |a Information storage and retrieval systems |v Periodicals. | |
| 650 | 0 | |a Computer systems |v Periodicals. | |
| 650 | 7 | |a Computer systems. |2 fast |0 (OCoLC)fst00872651 | |
| 650 | 7 | |a Information storage and retrieval systems. |2 fast |0 (OCoLC)fst00972781 | |
| 650 | 7 | |a Management information systems. |2 fast |0 (OCoLC)fst01007271 | |
| 651 | 7 | |a Brazil. |2 fast |0 (OCoLC)fst01206830 | |
| 655 | 0 | |a Electronic journals. | |
| 710 | 2 | |a Faculdade Cenecista de Campo Largo. | |
| 856 | 4 | 0 | |z Full text available from Research Library: 01/01/2010 to present |u https://search.proquest.com/publication/178195 |